000 00372nam a22001337a 4500
020 _qPB.
040 _cFIZZA ISHAQ
082 _a155.632
_bLEV
100 _a Levinson , Daniel J.
_9133837
245 _aThe Seasons of a Man's Life /
_cDaniel J. Levinson.
260 _aNew York:
_bBallantine Books,
_c1978.
300 _a363 P. ;
_c6.1 x 0.8 x 9.2 inches
942 _2ddc
_cBK
999 _c616813
_d616813